Computing Fundametals dBASE III PLUS

Guardado en:
Detalles Bibliográficos
Autor principal: Davis, Wiliam S.
Otros Autores: Schreiner, Paul
Formato: Libro
Lenguaje:inglés
Publicado: Reading Addison-Wesley Pub Co. 1990
Edición:1. ed.
Etiquetas: Agregar Etiqueta
Sin Etiquetas, Sea el primero en etiquetar este registro!

MARC

LEADER 00000nam a2200000 4500
001 c029453
005 20221215113459.3
041 0 |a eng 
044 |a US 
245 1 0 |a Computing Fundametals dBASE III PLUS  |c Wiliam S. Davis, Paul Schreiner 
250 |a 1. ed. 
264 1 |a Reading  |b Addison-Wesley Pub Co.  |c 1990 
300 |a 178 s. 
100 1 |a Davis, Wiliam S. 
700 1 |a Schreiner, Paul